50 thuật giữ khách hàng
সংরক্ষণ করুন:
| প্রধান লেখক: | |
|---|---|
| বিন্যাস: | গ্রন্থ |
| ভাষা: | Undetermined |
| প্রকাশিত: |
Hà Nội
văn Hoá thông Tin
1995
|
| বিষয়গুলি: | |
| ট্যাগগুলো: |
ট্যাগ যুক্ত করুন
কোনো ট্যাগ নেই, প্রথমজন হিসাবে ট্যাগ করুন!
|
| Thư viện lưu trữ: | Trung tâm Học liệu Trường Đại học Cần Thơ |
|---|
| LEADER | 00476nam a2200181Ia 4500 | ||
|---|---|---|---|
| 001 | CTU_155885 | ||
| 008 | 210402s9999 xx 000 0 und d | ||
| 020 | |c 9000 | ||
| 082 | |a 658.8 | ||
| 082 | |b T584 | ||
| 100 | |a Timm, Paul R. | ||
| 245 | 0 | |a 50 thuật giữ khách hàng | |
| 245 | 0 | |c Paul R. Timm | |
| 260 | |a Hà Nội | ||
| 260 | |b văn Hoá thông Tin | ||
| 260 | |c 1995 | ||
| 650 | |a Marketing | ||
| 980 | |a Trung tâm Học liệu Trường Đại học Cần Thơ | ||